First-Level Subdivisions of China, USA, Canada, and Mexico - Statistics

General Stats
  • This quiz has been taken 17 times
  • The average score is 108 of 134
Answer Stats
Hint Answer % Correct
USA Delaware
100%
Canada Manitoba
100%
USA New York
100%
Canada Nunavut
100%
Canada Ontario
100%
Canada Quebec
100%
Canada Yukon
100%
USA Alabama
93%
USA Alaska
93%
USA Arizona
93%
USA Arkansas
93%
USA California
93%
USA Colorado
93%
USA Connecticut
93%
USA Florida
93%
USA Idaho
93%
USA Illinois
93%
USA Indiana
93%
USA Iowa
93%
USA Kansas
93%
USA Kentucky
93%
USA Louisiana
93%
USA Maine
93%
USA Maryland
93%
USA Massachusetts
93%
USA Minnesota
93%
USA Mississippi
93%
USA Missouri
93%
USA Montana
93%
USA Nebraska
93%
Canada Newfoundland and Labrador
93%
USA New Hampshire
93%
USA New Jersey
93%
USA New Mexico
93%
USA North Carolina
93%
USA North Dakota
93%
Canada Northwest Territories
93%
Canada Nova Scotia
93%
USA Ohio
93%
USA Oklahoma
93%
USA Oregon
93%
USA Pennsylvania
93%
USA Puerto Rico
93%
USA Rhode Island
93%
Canada Saskatchewan
93%
USA South Carolina
93%
USA South Dakota
93%
USA Tennessee
93%
USA Texas
93%
USA US Virgin Islands
93%
USA Utah
93%
USA Vermont
93%
USA Virginia
93%
USA Washington
93%
USA Washington D.C.
93%
USA West Virginia
93%
USA Wyoming
93%
Canada Alberta
86%
USA American Samoa
86%
Mexico Baja California
86%
Mexico Chihuahua
86%
Canada British Columbia
86%
USA Georgia
86%
Mexico Mexico
86%
Mexico Mexico City
86%
USA Michigan
86%
USA Nevada
86%
Canada New Brunswick
86%
Canada Prince Edward Island
86%
USA Wisconsin
86%
Mexico Yucatan
86%
Mexico Aguascalientes
79%
Mexico Baja California Sur
79%
China Beijing
79%
Mexico Campeche
79%
Mexico Chiapas
79%
Mexico Coahuila
79%
Mexico Durango
79%
USA Guam
79%
USA Hawaii
79%
Mexico Hidalgo
79%
China Inner Mongolia
79%
Mexico Michoacan
79%
USA Northern Mariana Islands
79%
Mexico Nuevo Leon
79%
Mexico Oaxaca
79%
Mexico Quintana Roo
79%
China Shanghai
79%
Mexico Sinaloa
79%
Mexico Sonora
79%
Mexico Tabasco
79%
Mexico Tamaulipas
79%
Mexico Colima
71%
Mexico Guanajuato
71%
China Guangxi
71%
Mexico Guerrero
71%
China Hainan
71%
China Hebei
71%
China Hong Kong
71%
Mexico Jalisco
71%
Mexico Puebla
71%
Mexico Queretaro
71%
Mexico San Luis Potosi
71%
Mexico Veracruz
71%
Mexico Zacatecas
71%
China Fujian
64%
China Guangdong
64%
China Hubei
64%
China Hunan
64%
Mexico Morelos
64%
Mexico Nayarit
64%
China Qinghai
64%
China Shaanxi
64%
China Shandong
64%
China Shanxi
64%
China Sichuan
64%
China Tianjin
64%
Mexico Tlaxcala
64%
China Yunnan
64%
China Chongqing
57%
China Gansu
57%
China Heilongjiang
57%
China Henan
57%
China Jilin
57%
China Liaoning
57%
China Macau
57%
China Ningxia
57%
China Tibet Autonomous Region
57%
China Anhui
50%
China Jiangsu
50%
China Jiangxi
50%
China Zhejiang
50%
China Guizhou
43%
China Xinjiang Uyghur
43%
No matching quizzes found
Score Distribution
Percent of People with Each Score
Percentile by Number Answered
Your Score History
You have not taken this quiz